| 000 | 01335nam0a2200325 4500 | ||
|---|---|---|---|
| 001 | RU\NLR\bibl\166483 | ||
| 005 | 20260408195806.0 | ||
| 010 |
_a5-85829-049-3 _9300 |
||
| 021 |
_aRU _b2001-4270 _9211 |
||
| 035 | _a(NLR Aleph) 000163300 | ||
| 090 |
_a939652 _c939652 |
||
| 100 | _a20010330d2000 |||y0rusy50 ca | ||
| 101 | 0 | _arus | |
| 102 | _aRU | ||
| 105 | _aa ||||||||| | ||
| 200 | 1 |
_aКачество в образовании _eПроблемы, модели, технологии _fА. И. Севрук _gПерм. обл. ин-т повышения квалификации работников образования |
|
| 210 |
_aПермь _cИзд-во Перм. обл. ин-та повышения квалификации работников образования _d2000 |
||
| 215 |
_a158 с. _cграф. _d21 |
||
| 320 | _aБиблиогр.: с. 134-138 | ||
| 606 |
_aОбразование _xКачество _xМониторинг _3RU\NLR\AUTH\661407463 _92356413 |
||
| 610 | 0 | _aНародное образование - Мониторинг | |
| 686 | 1 | _aЧ312.8 | |
| 700 | 1 |
_aСеврук _gАлександр Иванович _4070 |
|
| 801 | 0 |
_aRU _bRKP _c20010330 _gPSBO |
|
| 801 | 1 |
_aRU _bRKP _c20010330 |
|
| 801 | 2 |
_aRU _bNLR _c20010719 _grcr |
|
| 942 | _cBOOK | ||
| 980 | _aNB | ||